Internet nuovo leviatano. Verso il futuro paradigma di pensiero e di business (Record n. 90183)
[ formato base ]
| 000 -LEADER | |
|---|---|
| fixed length control field | 01949nam a2200289Ia 4500 |
| 001 - CONTROL NUMBER | |
| control field | H2730 |
| 003 - CONTROL NUMBER IDENTIFIER | |
| control field | IT-RoPAU |
| 008 - FIXED-LENGTH DATA ELEMENTS--GENERAL INFORMATION | |
| fixed length control field | 130308s9999 xx 000 0 und d |
| 040 ## - CATALOGING SOURCE | |
| Original cataloging agency | IT-RoPAU |
| 040 ## - CATALOGING SOURCE | |
| Transcribing agency | IT-RoPAU |
| 041 ## - LANGUAGE CODE | |
| Language code of text/sound track or separate title | ITALIANO |
| 100 ## - MAIN ENTRY--PERSONAL NAME | |
| Personal name | Burman Edward |
| 100 ## - MAIN ENTRY--PERSONAL NAME | |
| Miscellaneous information | Codice Aut. SPICS: 57105 |
| 245 ## - TITLE STATEMENT | |
| Title | Internet nuovo leviatano. Verso il futuro paradigma di pensiero e di business |
| 245 ## - TITLE STATEMENT | |
| Remainder of title | Internet Nuovo Leviatano. Verso Il futuro paradigma di pensiero e di Business |
| 250 ## - EDITION STATEMENT | |
| Edition statement | 1a ed. |
| 260 ## - PUBLICATION, DISTRIBUTION, ETC. (IMPRINT) | |
| Place of publication, distribution, etc. | MILANO |
| 260 ## - PUBLICATION, DISTRIBUTION, ETC. (IMPRINT) | |
| Name of publisher, distributor, etc. | Etas Libri |
| 260 ## - PUBLICATION, DISTRIBUTION, ETC. (IMPRINT) | |
| Date of publication, distribution, etc. | 2002 [1° Ed.:2002 - Ed.Ling.Originale:2002] |
| 300 ## - PHYSICAL DESCRIPTION | |
| Extent | "160 p. (prefazione: 20; testo: 140 [pagine: 0-0])" |
| 500 ## - GENERAL NOTE | |
| General note | "Prefazione di Richard Normann. Thomas Kuhn e Internet: Rivoluzione Scientifica; Novità di Fatto: Scoperte; Novità Teoriche: L'Invenzione; Rivoluzione del Business; Pre Paradigmi. internet Prima del Paradigma: Pre Paradigmi: Arpanet, Browser, Negroponte, B2Qualcuno, Napster, della ""E"" Parola; Funzione dei Pre Paradigmi; riviste Pre Paradigma: Wired, red Herring, The Industry Standard. Crisi e Risposta: Verso un Nuovo paradigma di Business; invenzione di una Nuova Economia; Crisi del mercato Azionario. Dall'Apparenza Alla Realta': Rivoluzione delle Telecomunicazioni; globalizzazione e Internet; globalizzazione e Modernita'; conseguenze Sociali e Culturali; Mito dell'Eta'; Due Culture?; paradigma di internet Finora. soluzione della Rivoluzione: Dalla Rivoluzione al Paradigma; fase tecnologica (1969 1995 Circa); fase del Modello di business (1995 2000); fase del cambiamento delle Abitudini (2001 ?); Vita delle Aziende; Vita Personale degli Individui. Nuovo Paradigma: Verso Il Nuovo Paradigma: Comunicazione, Linguaggio e Ideologia; Nuovo Paradigma: Connettività Invisibile. Bibliografia." |
| 650 ## - SUBJECT ADDED ENTRY--TOPICAL TERM | |
| Topical term or geographic name as entry element | SAGGI SULLA MULTIMEDIALITA' |
| 650 ## - SUBJECT ADDED ENTRY--TOPICAL TERM | |
| Relator term | Codice materia Spics: 4257 |
| 942 ## - ADDED ENTRY ELEMENTS (KOHA) | |
| Koha item type | LIBRO |
| 957 ## - | |
| -- | 1 |
| 999 ## - SYSTEM CONTROL NUMBERS (KOHA) | |
| -- | 1 |
| Withdrawn status | Lost status | Damaged status | Not for loan | Home library | Current library | Date acquired | Total Checkouts | Full call number | Date last seen | Price effective from | Koha item type | Public note |
|---|---|---|---|---|---|---|---|---|---|---|---|---|
| Buone Condizioni | Not For Loan | SPICS-MEDIATECA | SPICS-MEDIATECA | 08/03/2013 | H2730 | 08/03/2013 | 08/03/2013 | LIBRO | Progressivo inserimento: 19989 / N. Volumi: 1 Copie: 1 / data import: 1 marzo 2013 - By Epidotti, Trombetti, Vaglietti. |